Training railway operating staff to understand and manage passenger and crowd behaviour (Record no. 40477)

000 -LEADER
fixed length control field 01417pab a2200193 454500
008 - FIXED-LENGTH DATA ELEMENTS--GENERAL INFORMATION
fixed length control field 180718b1998 xxu||||| |||| 00| 0 eng d
100 ## - MAIN ENTRY--PERSONAL NAME
Personal name Marsden, Alan W.
245 ## - TITLE STATEMENT
Title Training railway operating staff to understand and manage passenger and crowd behaviour
260 ## - PUBLICATION, DISTRIBUTION, ETC.
Date of publication, distribution, etc. 1998
300 ## - PHYSICAL DESCRIPTION
Extent p.401-05
520 ## - SUMMARY, ETC.
Summary, etc. For anyone involved in moving large numbers of people, indeed in any aspect of crowd management, the biggest threats are ignorance of crowd behavioural dynamics and complacency. When the Mass Transit Railway Corporation (MTRC) in Hong Kong was faced with excessive passenger growth, serious safety problems and concerns arose. As part of a study into "Passenger and Crowd Behaviour Safety", the author recommended that staff be put through a comprehensive programme of passenger management and behaviour training. As a result of this he was asked to design and deliver such a programme, consisting of two-day modules for all those directly concerned and one-day modules for all other managers throughout the organisation. These have now been followed up with update training, and a redesigned course has been implemented for the new Airport Express railway. - Reproduced
650 ## - SUBJECT ADDED ENTRY--TOPICAL TERM
Topical term or geographic name entry element Training
650 ## - SUBJECT ADDED ENTRY--TOPICAL TERM
Topical term or geographic name entry element Rail transport
650 ## - SUBJECT ADDED ENTRY--TOPICAL TERM
Topical term or geographic name entry element Hong Kong
650 ## - SUBJECT ADDED ENTRY--TOPICAL TERM
Topical term or geographic name entry element Disaster management
650 ## - SUBJECT ADDED ENTRY--TOPICAL TERM
Topical term or geographic name entry element Crisis
773 ## - HOST ITEM ENTRY
Main entry heading Disaster Prevention and Management: an International Journal
909 ## -
-- 40477
Holdings
Withdrawn status Lost status Damaged status Not for loan Permanent Location Current Location Date acquired Serial Enumeration / chronology Barcode Date last seen Price effective from Koha item type
        Indian Institute of Public Administration Indian Institute of Public Administration 2018-07-19 Volume no: 7, Issue no: 5 AR40852 2018-07-19 2018-07-19 Articles

Powered by Koha